000 00838nam a2200229Ii 4500
003 JO-AjNU
008 230605s9999||||xx |||||||||||||| ||und||
017 _a1999/1/122
020 _a9957-11-202-3
040 _aJO-AjNU
_bara
_erda
_cJO-AjNU
041 _aara
050 1 4 _aHF5438.25.S37.2002
100 3 _aالصيرفي،محمد,
_eauthor
_933001
245 0 0 _aالبيع الشخصي: دراسة للمهارات الواجب توافرها في رجل البيع: المفاهيم البيعية، ج1
250 _aط2
264 3 1 _aعمان:دار وائل للنشر والتوزيع؛2002
300 _aج1، 311ص
_bيحتوي على ببلوغرافية من ص307-311ص
336 _atext
_btxt
_2rdacontent
337 _aunmediated
_bn
_2rdamedia
338 _avolume
_bnc
_2rdacarrier
650 4 _aالبيع
_933002
999 _aA13386
_c16954
_d16954